000 00644cab a2200241 4500
001 X128466
008 050107n2004 000 0 eng u
035 _a(Sirsi) u128466
245 _aFocus: North West
260 _c2004
490 _aEstates Gazette
_vOctober 2004 (49) (LOAN)
590 _aABS
650 _aNORTHWEST ENGLAND
650 _aPROPERTY INVESTMENT
650 _aPROPERTY DEVELOPMENT
650 _aMORECOMBE
650 _aSURVEYING COMPANIES
650 _aLIVERPOOL
650 _aDEVELOPMENT AGENCIES
650 _aREGENERATION
690 _aPROPERTY-COMMERCIAL PROPERTY-COMMERCIAL PROPERTY MARKET
942 _n0
999 _c74707
_d74707